| 000 | 01019cac a2200265 4500 | ||
|---|---|---|---|
| 008 | 080521t20062006mx a 000 0 spa u | ||
| 020 | _a9688107271 | ||
| 035 | _aa470301 | ||
| 100 | 1 | _aGrafenstein, Johanna von | |
| 245 | 1 | 3 |
_aUn mar de encuentros y confrontaciones : _bel Golfo-Caribe en la historia nacional, _ccJohanna von Grafenstein, Laura Muñoz, Antoinette Nelken. |
| 250 | _a1a ed. | ||
| 260 |
_aMéxico : _bSecretaría de Relaciones Exteriores México, _cc2006 |
||
| 300 |
_a261 p. : _bil. ; _c28 cm. |
||
| 440 | 0 | _aMéxico y sus fronteras | |
| 504 | _aBibliografía: p. 240-255, índice e índice onomástico | ||
| 650 | 4 |
_aLímites _zMéxico _xHistoria |
|
| 650 | 4 |
_aMéxico (Golfo de) _xLitoral _xHistoria |
|
| 650 | 4 |
_aCaribe (Mar) _xLímites _xHistoria |
|
| 651 | 4 |
_aMéxico _xLímites _zE.U.A. _xHistoria |
|
| 650 | 4 |
_aDerecho marítimo _zMéxico _xHistoria |
|
| 700 | 1 | _aMuñoz, Laura, coaut. | |
| 700 | 1 | _aNelken, Antoinette, coaut. | |
| 942 |
_2lcc _cLIB |
||
| 999 |
_c85906 _d85906 |
||